| 000 | 01007nam0a22002891 4500 | ||
|---|---|---|---|
| 001 | rc\4236088 | ||
| 005 | 20250612023822.0 | ||
| 021 |
_aRU _b[68-96560] |
||
| 035 | _a(NLR Aleph) 008467176 | ||
| 090 |
_a7906487 _c7906487 |
||
| 100 | _a20130416d1968 |||y0rusy50 ca | ||
| 101 | 1 |
_arus _cukr |
|
| 102 | _aRU | ||
| 105 | _aa z |||a| | ||
| 200 | 1 |
_aЛюди из страха _eРоман _f[Авториз. пер. с укр. Ю. Верниковской _gПредисл. И. Чендея _gИл.: А. Галицын] |
|
| 210 |
_aМосква _cМол. гвардия _d1968] |
||
| 215 |
_a558 с. _cил. _d17 |
||
| 607 |
_aЗападная Украина _z20 в. (х. л.) _2psbo |
||
| 700 | 1 |
_aАндрияшик _bР.В. _f1933- _gРоман Васильевич |
|
| 702 | 1 |
_aЧендей _bИ. _4080 |
|
| 702 | 1 |
_aВерниковская _bЮ. _4730 |
|
| 702 | 1 |
_aГалицын _bА. _4440 |
|
| 801 | 0 |
_aRU _bNLR _gpsbo |
|
| 801 | 1 |
_aRU _bELAR _2rusmarc |
|
| 852 |
_aNLR _j69-2/30 |
||
| 942 | _cBOOK | ||
| 980 | _aNB | ||